<?xml version="1.0" encoding="UTF-8"?>
<collection xmlns="http://www.loc.gov/MARC21/slim">
 <record>
  <leader>00383pamaa2200133   4500</leader>
  <controlfield tag="001">0000052183</controlfield>
  <controlfield tag="005">20140205090000.0</controlfield>
  <controlfield tag="008">140205s2010</controlfield>
  <datafield tag="022" ind1="0" ind2="0">
   <subfield code="a">13625276</subfield>
  </datafield>
  <datafield tag="245" ind1="1" ind2="0">
   <subfield code="a">English Teaching Professional : </subfield>
   <subfield code="b">no. 66-68, 2010.</subfield>
  </datafield>
  <datafield tag="260" ind1="0" ind2="0">
   <subfield code="a">Chichester, West Sussex: </subfield>
   <subfield code="b">Keyways Publishing, </subfield>
   <subfield code="c">2007-.</subfield>
  </datafield>
  <datafield tag="300" ind1=" " ind2=" ">
   <subfield code="a">v.: </subfield>
   <subfield code="b">ill.; </subfield>
   <subfield code="c">28 cm.</subfield>
  </datafield>
  <datafield tag="650" ind1="0" ind2="0">
   <subfield code="a">English -- </subfield>
   <subfield code="x">periodical </subfield>
  </datafield>
  <datafield tag="901" ind1=" " ind2=" ">
   <subfield code="u">www.etprofessional.com</subfield>
  </datafield>
 </record>
</collection>
